| 000 | 00605nam a22002177a 4500 | ||
|---|---|---|---|
| 003 | NUST | ||
| 005 | 20240507134430.0 | ||
| 007 | ta | ||
| 008 | 240507b ||||| |||| 00| 0 eng d | ||
| 020 | _a9789351297932 | ||
| 082 |
_a611.018 _bERO |
||
| 100 |
_aEroschenko, Victor P. _9113268 |
||
| 245 |
_aAtlas of Histology with Functional Correlations / _cVictor P. Eroschenko |
||
| 250 | _a13th Edition. | ||
| 260 |
_aPhiladelphia : _bWolters Kluwer, _c2017. |
||
| 300 |
_a617 p. ; _c28 cm. |
||
| 563 | _aPBK. | ||
| 650 |
_aHistology _vAtlases. _9113273 |
||
| 650 |
_aHistology _9113274 |
||
| 942 |
_2ddc _cBK |
||
| 999 |
_c595046 _d595046 |
||